| 000 | 00574nam a22001817a 4500 | ||
|---|---|---|---|
| 003 | OSt | ||
| 005 | 20250830013403.0 | ||
| 008 | 250830b |||||||| |||| 00| 0 eng d | ||
| 020 | _a971-27-1532-9 | ||
| 040 | _cOC | ||
| 082 | _aFil. 808 M279 2005 | ||
| 100 | _aManlapaz, E. | ||
| 245 | _aThe new Anvil guide to research paper writing | ||
| 260 |
_aPasig City, Philippines : _bAnvil Publishing, Inc., _cc2005 |
||
| 300 |
_a190 pages : _c23 cm. |
||
| 700 | _aFrancisco, Ma. Eloisa | ||
| 942 |
_2ddc _cBK - FIL _hFil. 808 M279 2005 _kFil. _n0 |
||
| 999 |
_c4384 _d4384 |
||